| 000 | 00923nmc a2200313 a 4500 | ||
|---|---|---|---|
| 003 | AR-BaBNM | ||
| 005 | 20251128204422.0 | ||
| 008 | 087019s1986 ||||||||||||||000 | spa|| | ||
| 020 | _a950-9293-36-9 | ||
| 040 | _cAR-BaBNM | ||
| 100 | 1 | _aAgulla, Juan Carlos | |
| 245 | 1 | 0 |
_aUna nueva política educativa _benfoque sociológico |
| 260 |
_aBuenos Aires _bDocencia _c1986 |
||
| 300 | 0 |
_a38 p. _btablas |
|
| 490 | 0 |
_aCongreso pedagógico. Compromiso y creatividad _vv. 4 |
|
| 650 | 4 | _aSOCIOLOGIA DE LA EDUCACION | |
| 650 | 4 | _aSISTEMAS ESCOLARES | |
| 650 | 4 | _aTEORIAS DE LA EDUCACION | |
| 650 | 4 | _aPROYECTOS | |
| 650 | 4 | _aSOCIEDAD CONTEMPORANEA | |
| 650 | 4 | _aPOLITICA EDUCATIVA | |
| 650 | 4 | _aPLANIFICACION DE LA EDUCACION | |
| 651 | 4 | _aArgentina | |
| 653 | 0 | _aMODELOS EDUCATIVOS | |
| 700 | 1 |
_aGómez, Eugenio _eprologuista |
|
| 800 | 1 |
_aGómez de Mier, Eugenio _ecoordinador |
|
| 942 | _cBK | ||
| 998 | _cSILVI | ||
| 999 |
_c7364 _d7364 |
||